Skip to content
VuFind
Login
Language
Slovak
English
Deutsch
Español
Français
Italiano
Português
All Fields
Title
Author
Subject
Call Number
ISBN/ISSN
Tag
Find
Advanced
Úvod
Cite this
Text this
Email this
Print
Export Record
Export to RefWorks
Export to EndNoteWeb
Export to EndNote
Save to List
Permanent link
Loading…
Úvod
Saved in:
Bibliographic Details
Main Author:
Lisý, Ján
Format:
Book Chapter
Language:
Slovak
Tags:
Add Tag
No Tags, Be the first to tag this record!
View in EUBA Opac
Holdings
Description
Comments
Similar Items
Staff View
MARC
LEADER
00000naa$a2200000$$$4500
001
0185243
005
20240502073156.8
041
0
|a
slo
044
|a
SK
245
1
0
|a
Úvod
|c
Ján Lisý
100
1
|a
Lisý, Ján
Similar Items
Úvod do makroekonómie pre obchodné akadémie
by: Lisý, Ján
Published: (2019)
Úvod do makroekonómie pre obchodné akadémie
by: Lisý, Ján
Published: (2007)
Úvod do makroekonómie pre obchodné akadémie
by: Lisý, Ján
Published: (2005)
Úvod do makroekonómie pre obchodné akadémie
by: Lisý, Ján
Published: (2014)
Úvod
by: Tóthová, Alena, 1968-